Behavioral Interventions in school: Evidence -Based positive strategies (Record no. 24248)

MARC details
000 -LEADER
fixed length control field 00891nam a22002537a 4500
003 - CONTROL NUMBER IDENTIFIER
control field OSt
005 - DATE AND TIME OF LATEST TRANSACTION
control field 20260615100530.0
008 - FIXED-LENGTH DATA ELEMENTS--GENERAL INFORMATION
fixed length control field 260615b |||||||| |||| 00| 0 eng d
020 ## - INTERNATIONAL STANDARD BOOK NUMBER
International Standard Book Number 9781433804601
040 ## - CATALOGING SOURCE
Transcribing agency Chuka University Library
050 ## - LIBRARY OF CONGRESS CALL NUMBER
Classification number LB 1060.2 .B4 2009
100 ## - MAIN ENTRY--PERSONAL NAME
Personal name Angeleque Akin-little(Editor)
9 (RLIN) 29122
245 ## - TITLE STATEMENT
Title Behavioral Interventions in school: Evidence -Based positive strategies
260 ## - PUBLICATION, DISTRIBUTION, ETC.
Place of publication, distribution, etc. Washington
Name of publisher, distributor, etc. American Psychological Association
300 ## - PHYSICAL DESCRIPTION
Extent xi,350 pp
Other physical details illustrations preface and index
650 ## - SUBJECT ADDED ENTRY--TOPICAL TERM
Topical term or geographic name entry element Behavior modification
9 (RLIN) 27039
650 ## - SUBJECT ADDED ENTRY--TOPICAL TERM
Topical term or geographic name entry element Problem children-Behavior modification
9 (RLIN) 29123
650 ## - SUBJECT ADDED ENTRY--TOPICAL TERM
Topical term or geographic name entry element Problem Children-Education
9 (RLIN) 29124
650 ## - SUBJECT ADDED ENTRY--TOPICAL TERM
Topical term or geographic name entry element Behavior assessment
9 (RLIN) 29125
700 ## - ADDED ENTRY--PERSONAL NAME
Personal name Steve G. Little(Editor)
9 (RLIN) 29126
700 ## - ADDED ENTRY--PERSONAL NAME
Personal name Melissa A. Bray(Editor)
9 (RLIN) 29127
700 ## - ADDED ENTRY--PERSONAL NAME
Personal name Thomas J. Kehle(Editor)
9 (RLIN) 29128
942 ## - ADDED ENTRY ELEMENTS (KOHA)
Source of classification or shelving scheme Library of Congress Classification
Koha item type Long Loan Books
Suppress in OPAC No
Holdings
Withdrawn status Lost status Source of classification or shelving scheme Damaged status Not for loan Collection Home library Current library Shelving location Date acquired Source of acquisition Cost, normal purchase price Total Checkouts Full call number Barcode Date last seen Copy number Price effective from Koha item type
    Library of Congress Classification     General Collection Books Main Campus Library Main Campus Library General Stacks 15/06/2026 Donation from books for Africa 10355.51   LB 1060.2 .B4 2009 34347/2026 15/06/2026 C.1 15/06/2026 Long Loan Books

Powered by Koha